| 000 | 00682nam a2200193Ia 4500 | ||
|---|---|---|---|
| 003 | GCL | ||
| 008 | 140319s9999 xx 000 0 ara d | ||
| 040 |
_aGCL / _cGCL |
||
| 082 | 0 | 4 |
_a812.9 _bب م |
| 100 | 1 | _aعبدالحليم البشلاوى | |
| 245 | 1 | 0 |
_aالمسرح الثورى: دراسات فى الدراما الحديثة من ابسن الى جان جينيه / _cعبدالحليم البشلاوى |
| 700 | 1 | _aبروستاين، روبرت | |
| 300 | _a370 ص | ||
| 490 |
_aبحوث اجتماعية _v0 |
||
| 650 | 0 | 4 | _aالمسرح - تاريخ ونقد |
| 650 | 0 | 4 | _aالدراما المسرحية |
| 650 | 0 | 4 | _aالمسرح الحديث |
| 942 |
_2ddc _cBK |
||
| 999 |
_c49887 _d49887 |
||